000 00531nam a2200181Ia 4500
001 7549
003 GE_BSU
008 181216s||||||||xx |||||||||||||| ||und||
040 _cGE_BSU
245 _aВестник дверней истории. №2.2013.
245 _cГл.ред.А.И.Иванчик и др.
260 _aМосква.
260 _bНАУКА.
260 _c2013.Апрель-Май-Июнь.
300 _a255ст.24см.
520 _aжурнал выход четыре раза в год.
942 _cCR
999 _c40905
_d40905